000 00825cam a2200205 4500
001 WB3845-02
008 021107n2002 000 0 eng u
035 _a(Sirsi) u120688
245 _aHousebuilding: October 2002
260 _c2002
490 _aODPM Statistical Release
_v (HB-12) 5 December 2002, (2)
520 _aODPM statistics outlining housebuilding figures for October 2002 estimate that 15 300 dwellings were started and 15 000 completed, a 2% increase for both compared with the same period in 2001. ODPM plans to publish housing starts and completions quarterly from the financial year 2003-04. www.odpm.gov.uk/news/0211/hb-11.htm
590 _aWB
650 _aSTATISTICS
650 _aNEW STARTS
650 _aCOMPLETIONS
650 _aHOUSE BUILDING
690 _aBUILT ENVIRONMENT
942 _n0
999 _c71720
_d71720